00375 2200157 4500001002100000005001500021035002000036245003300056100001800089300002600107260002800133082000800161084001400169020002200183990001200205INLIS00000000000297320250917023219 a0010-09250003201 aSakura Wish /cHarumi Kawaii0 aHarumi Kawaii a190 hlm ;c13 x 19 cm aJakarta :bZettu,c2014 a813 a813 HAR s a978-602-1999-08-0 a0755660